Formula one drivers line-up 2024 - Statistics

General Stats
  • This quiz has been taken 456 times
  • The average score is 19 of 25
Answer Stats
Constructor Rounds Driver Nationality % Correct
McLaren All Lando Norris UK
87%
Red Bull All Max Verstappen Netherlands
83%
Ferrari All Charles Leclerc Monaco
81%
McLaren All Oscar Piastri Australia
81%
Mercedes All George Russell UK
80%
Ferrari All* Carlos Sainz Jr. Spain
79%
Alpine 1-23 Esteban Ocon France
79%
Mercedes All Lewis Hamilton UK
79%
Alpine All Pierre Gasly France
78%
Red Bull All Sergio Pérez Mexico
78%
Aston Martin All Fernando Alonso Spain
77%
Aston Martin All Lance Stroll Canada
77%
VCARB All Yuki Tsunoda Japan
75%
Williams All Alexander Albon Thailand
74%
VCARB 1-18 Daniel Ricciardo Australia
74%
Alpine 24 Jack Doohan Australia
74%
Haas All Nico Hülkenberg Germany
74%
Kick Sauber All Valtteri Bottas Finland
74%
Haas 1-16, 18-24* Kevin Magnussen Denmark
73%
VCARB 19-24 Liam Lawson New Zealand
73%
Ferrari 2 Oliver Bearman UK
73%
Haas 17, 21 Oliver Bearman UK
73%
Kick Sauber All Guanyu Zhou China
72%
Williams 16-24 Franco Colapinto Argentina
71%
Williams 1-15* Logan Sargeant USA
70%
No matching quizzes found
Score Distribution
Percent of People with Each Score
Percentile by Number Answered
Your Score History
You have not taken this quiz